000 00374nam a22001457a 4500
003 SGT
082 _a616.01
_bS24G
100 _aGUPTA, SUCHANDRA
245 _aSTUDY OF FECAL MICROBIOTA IN HEALTY POPULATION FROM RURAL REGION OF HARYANA
260 _aGURUGRAM
_bSGT UNIVERSITY
_c2024
300 _a4722
650 _aMEDICAL MICROBIOLOGY
653 _aPHD
942 _2ddc
_cTH
999 _c32376
_d32376